000 01827cam a22004934i 4500
003 PE-LiUPU
005 20250731165543.0
008 150625s r 000 0 d
035 _a(Sirsi) a33664
035 _a(Sirsi) a33664
040 _aPE-LiUPU
_bspa
_cPE-LiUPU
_erda
082 0 4 _a221.7
_bITC
_221
100 1 _aAnderson, Robert A.,
_eautor.
245 1 0 _aDaniel.
_n27 /
_cRobert A. Anderson.
264 1 _aGrand Rapids :
_bThe handsel press,
_c1984.
300 _a158 páginas ;
_c21 cm.
336 _atext
_2rdacontent
337 _aunmediated
_2rdamedia
338 _avolume
_2rdacarrier
490 0 _aInternational theological commentary ;
_v27
505 0 _aTorah and Obedience. -The indestructible Kingdom. -Obedience and suffering. -The kingdom of the Most high. -The arch Villain. -Prophecy. -Reinterpreted. -Daniel's commission. -The profaner of the temple. -The end and the resurrection.
526 _aSEG44
526 _aSEG26
526 _aP151
526 _aP150
526 _aP149
526 _aP146
526 _aP145
526 _aP126
526 _aP125
526 _aP92
526 _aP75
526 _aP74
526 _aP27
526 _aP15
630 _aBiblia.
_pA.T.
_pDaniel
_xComentarios.
910 _a
942 _2ddc
_cBOOK
949 _aRC 221.7 ITC 27
_wDEWEY
_c1
_i37870
_lRC
_mBUL
_r0
_sY
_tBOOK
_u2015-6-25
_xBIBLIOTECA
_zUNKNOWN
_0COMPRA
_o.CIRCNOTE. No olvidar cambiar la fecha de devolución!!!!!!!
_o.STAFF. Colección General
994 _aC0
_bPEPRU
596 _a1
999 _aRC 221.7 ITC 27
_wDEWEY
_c41436
_i37870
_d41436
_f2021-11-8
_g6
_lCCODEBUL1
_mBUL
_q6
_r1
_sY
_tBOOK
_u2015-6-25
_xTEOLOGIA
_zUNKNOWN
_0COMPRA
_o.CIRCNOTE. No olvidar cambiar la fecha de devolución!!!!!!!
_o.STAFF. Colección General
980 _81
_gALBERTO SANCHEZ Responsable de Automatización